| 000 | | | 05380cac2a2200000#x 450 |
| 001 | | | 5c310d9e3e884dc688fd3bf8a407148e |
| 005 | | | 20231113150849.0 |
| 100 | ## | $a | 20130916l19081912k y0rusy0189 ca |
| 101 | 0# | $a | rus |
| 102 | ## | $a | RU |
| 251 | ## | $c | Дело |
| 225 | 0# | $a | Фонд Совет министров (1905-1917) |
| | $h | Опись № 19 |
| 324 | ## | $a | Пленка |
| 801 | #0 | $a | RU |
| | $b | РГИА |
| | $c | 20130916 |
| 801 | #1 | $a | RU |
| | $b | ГлавНИВЦ |
| | $c | 20130916 |
| | $2 | rusmarc |
| 801 | #2 | $a | RU |
| | $b | ПБ им. Б.Н. Ельцина |
| | $c | 20130917 |
| | $g | RCR |
| | $2 | rusmarc |
| 850 | ## | $a | Федеральное казенное учреждение "Российский государственный исторический архив" |
| 852 | ## | $a | РГИА |
| | $j | 319 |
| 937 | ## | $a | ASBIBLIO_SCAN |
| | $b | РГИА_1276:_19:_319: |
| | $d | 1931194 |
| | $h | РГИА |
| 200 | 1# | $a | Дело о назначении прибавочного жалования по преимуществам службы в отдаленных местностях педагогам Кавказского учебного округа Передерию, Востонову, Гогоберидзе, Джарджикия и Мачавариани |
| | $j | 19 августа 1908 г. - 25 августа 1912 г. |
| 215 | ## | $a | 23 листа |
| 035 | ## | $a | 5c310d9e3e884dc688fd3bf8a407148e |
| 122 | 2# | $a | d19080819## |
| | $a | d19120825## |
| 300 | ## | $a | Печатный текст |
| 461 | #0 | $1 | 001c7912e80-a322-4844-9992-beca65726c82 |
| | $1 | 2001 |
| | $a | Совет министров (1905-1917) |
| | $1 | 251 |
| | $c | Фонд |
| | $1 | 852 |
| | $j | 1276 |
| 462 | #0 | $1 | 001829f6aa9-2b65-4220-9fa5-8086d4ddd214 |
| | $1 | 2001 |
| | $a | 1905-1917 гг. |
| | $v | Д. 319 |
| | $1 | 251 |
| | $c | Опись |
| | $1 | 852 |
| | $j | 19 |
| 601 | 02 | $2 | prlib_sh |
| | $3 | LIBNET\UAF\0000109453 |
| | $a | Кавказский учебный округ |
| | $b | Попечитель |
| | $j | Архивные дела |
| 601 | 02 | $a | Кавказский учебный округ |
| | $2 | prlib_sh |
| | $3 | LIBNET\UAF\0000109449 |
| | $x | История |
| | $z | нач. 20 в. |
| | $j | Архивные дела |
| 606 | 1# | $2 | nlr_sh |
| | $3 | RU\NLR\AUTH\661254939 |
| | $a | Педагоги |
| | $x | Заработная плата |
| | $j | Архивные дела |
| 605 | ## | $2 | acquisition_Prlib |
| | $3 | LIBNET\UAF\0000107109 |
| | $a | История образования в России |
| | $l | коллекция |
| 605 | ## | $a | Власть |
| | $l | коллекция |
| | $2 | acquisition_Prlib |
| | $3 | DITM\AF\0000002775 |
| 686 | ## | $2 | rubbk |
| | $a | 74.03(284)5-4ю11 |
| | $v | LBC/M |
| 686 | ## | $a | 63.3(284)53-332ю11 |
| | $v | LBC/M |
| | $2 | rubbk |
| 686 | ## | $a | 65.245ю11 |
| | $v | LBC/M |
| | $2 | rubbk |